| 000 | 01090cab a22002055a 4500 | ||
|---|---|---|---|
| 001 | L152816 | ||
| 008 | 110504e20110421xxk 000 0 eng d | ||
| 035 | _a(Sirsi) u152816 | ||
| 041 | 0 | _aeng | |
| 100 | 1 | _aJohnstone, Nick | |
| 245 | 0 | 0 | _aBritain for sale |
| 260 | _c2011 | ||
| 490 | 0 |
_aProperty Week _v77(16), 21 April 2011, 28-31(4) |
|
| 520 | _aProperty Week has obtained through a Freedom of Information Act request a comprehensive list of government property assets earmarked for sale. The 300 property list reflects a new Whitehall strategy to manage the disposal of all public property centrally. Looks at the history of government property disposals. Highlights nine of the largest properties for sale by the Government Property Unit. An interactive map covering all 300 properties is available to Property Week subscribers at www.propertyweek.com. | ||
| 590 | _aKA | ||
| 651 | 4 |
_aUnited Kingdom _y |
|
| 690 | _aPROPERTY-COMMERCIAL PROPERTY-ACQUISITION AND DISPOSAL OF COMMERCIAL PROPERTY | ||
| 690 | _aPROPERTY-COMMERCIAL PROPERTY-COMMERCIAL PROPERTY MARKET | ||
| 942 | _n0 | ||
| 999 |
_c83105 _d83105 |
||